000
00278nam a22000977a 4500
999
_c
519505
_d
519505
082
_a
TNC T19 M289
100
_a
Maksodov, Latif
_9
30592
245
_a
Ways of overcoming economic backwardness
_c
by Latif Maksodov
260
_a
Moscow
_b
Novosti Press Agency
_c
1972
300
_a
190p